Law of sexual harassment at workplace : (Record no. 147263)

MARC details
000 -LEADER
fixed length control field 00588nam a22001817a 4500
010 ## - LCCN (DPL NO)
LC control number ENG-121335
020 ## - INTERNATIONAL STANDARD BOOK NUMBER
International Standard Book Number 9789385285837
Terms of availability 495.00
035 ## - SYSTEM CONTROL NUMBER
System control number EN-104867
037 ## - SOURCE OF ACQUISITION
Source of stock number/acquisition DBAD/PUB
082 ## - DEWEY DECIMAL CLASSIFICATION NUMBER
Classification number 344.73014133
100 ## - MAIN ENTRY--PERSONAL NAME
Personal name Tandon, Amish
245 ## - TITLE STATEMENT
Title Law of sexual harassment at workplace :
Statement of responsibility, etc by Amish Tandon
Remainder of title Practice & procedure /
260 ## - PUBLICATION, DISTRIBUTION, ETC. (IMPRINT)
Place of publication, distribution, etc New Delhi
Name of publisher, distributor, etc Niyogi Books
Date of publication, distribution, etc 2017
270 ## - ADDRESS
Address Block D, Building No. 77, Okhla Industrial Area, Phase-I
City New Delhi
Postal code 110020
300 ## - PHYSICAL DESCRIPTION
Extent 286p.
Dimensions 22cm (pbk).
505 ## - FORMATTED CONTENTS NOTE
Formatted contents note
942 ## - ADDED ENTRY ELEMENTS (KOHA)
Source of classification or shelving scheme Dewey Decimal Classification
Item type English Books
Classification part 344.73014133
Call number suffix TAN
Holdings
Withdrawn status Lost status Not for loan Collection code Home library Current library Date acquired Source of acquisition Cost, normal purchase price Full call number Barcode Copy number Cost, replacement price Koha item type
    Not For Loan Non-fiction D.B.Act.Division Bawana 09/11/2017 DBAD/PUB 495.00 344.73014133 TAN EN-104867 1 495.00 English Books

© Delhi Public Library
Hit Counter
free hit counter